Top 100 Geometry Dash Impossible Levels - Statistics

General Stats
  • This quiz has been taken 39 times
  • The average score is 28 of 100
Answer Stats
Creator(s) Answer % Correct
Phairene & More Tax Evasion
88%
eightos & More CYCLOLCYC
84%
eightos Formosa
84%
crmsn Open Window
84%
adaf & More Domba
80%
maxfs arcturus
72%
SureFir3 Oxygen Shotgun
68%
Ewe23 Schafs II
68%
TheRealSailent & More Silent Circles
68%
eightos & More Ballistic wistfully
64%
070 Singularity
64%
Phairene & More wistfully
64%
gdmiracle Kingdom of Miracalis
60%
xVOLUMNIUS MINUSclub
60%
AuraXalaiv & More CUM
56%
GionniBlood Six Paths of Pain
56%
Apocalipse & More Shipping
52%
gqc & More Firefly
48%
gqc & More MUTEclub
48%
tendart & More Lunar Empress
44%
AuraXalaiv PISS
44%
Relayne & More Joke Resubmission
40%
gdmiracle Realm of Bloodshadow
40%
Hipolaaa & More The Golden
40%
Pieguy57 The Squall
40%
starz879 Regularity
36%
perdun888 Tob odin
36%
2A0L0I3 Cyberphobia
32%
Apocalipse Ghost
32%
Apocalipse & More Homege
32%
AuraXalaiv & More METH DEATH X
32%
TSViti & More MINUSdynamix
32%
HaydenDom & More MINUStheory
32%
crmsnn Miss Massacre
32%
greafer rare
32%
maus999 The Hell Heaven
32%
khacs The Poison Tree
32%
HonkaiImpact3rd mute evasion
28%
Kalculus19 & More My Fucking Nuts
28%
Ewe23 & More Sheep2Day
28%
realhutoew THE LIMIT
28%
SureFir3 WAR HORSE
28%
Andra86 Deadly Deimos
24%
gqc Purple World
24%
DShifter Swagman Adventures
24%
IiIOpTiCaLIiI The Twilight Zone
24%
AnonIIExt Comet Destroyer
20%
SureFir3 Deep Pressure
20%
Vyth Ku259Half-Life
20%
Nxaelevend & More Last Memories
20%
MateussDev & More Madness
20%
IiIOpTiCaLIiI & More Satanic Palm Mutes
20%
SureFir3 Takyon
20%
Illuminati65 & More Transfinite Void
20%
realhutoew VERY SAD HUTOEW
20%
maxfs lastheory
16%
Apocalipse Linquited
16%
Jehes No Mercy
16%
Apocalipse Psychomaki
16%
Nxaelevend x0o0x
16%
eightos Xane Gets Trippy
16%
tendart & More Carmel Destiny
12%
Relayne & More DINGUS DIMENSION
12%
glitchi GXXDNXGHT
12%
akyse HMSCSCCISCCS
12%
Nxaelevend Level Submission
12%
glitchi Promise
12%
AuraXalaiv & More Relife 2019
12%
SylenPaws & More Sailent Discoworld
12%
OtherChris saugen
12%
AuraXalaiv Silentium Excelsus
12%
entity1111112 youknowwhatthatmeans
12%
AuraXalaiv AwesomeHexagonForce
8%
darnoc2 Back From The Grave
8%
gqc & More Crystal Dunes
8%
Apocalipse Ego Blaster
8%
tendart el dorado
8%
Apocalipse & More Electrodyname
8%
Aubergine111 & More Hutoew Madness
8%
Zh1r Omnis
8%
AnonIIExt Parousia Diluvi Fix
8%
Apocalipse & More Periastron Room
8%
maus999 & More SilentDemonPlanet Z
8%
jojo989 Silent Time Machine
8%
gqc System
8%
Prometheus The Car Finale
8%
BoomBlox555 The Descended
8%
Mattsstuff Amissa Stellae
4%
Kalculus19 & More boston tea party map
4%
IUltraVenomI Death Dimension II
4%
AnonIIExt Detrimental Effect
4%
2A0L0I3 Dreamopolis V2
4%
Arsenjeex Hell to play II
4%
glitchi La Magicienne Rose
4%
realhutoew Treasures of Ruin
4%
Mattsstuff Xs and Os
4%
IiIOpTiCaLIiI XSaTan
4%
Prometheus & More 107 Bohrium
0%
BunnyClowmy DeadlySailentPlanetLXIXv2
0%
No matching quizzes found
Score Distribution
Percent of People with Each Score
Percentile by Number Answered
Your Score History
You have not taken this quiz